000 00434nam a2200193Ia 4500
005 20240823024211.0
008 240823s9999||||xx |||||||||||||| ||und||
020 _a81-75530-058-2
041 _aENGLISH
082 _A823 P6
100 _aAmitav Ghosh
245 4 _aThe Imam and The Indian
250 _a1st
260 _c2006
_bPermanent
500 _aYES
650 _aThe Indian
_bGeneral
942 _cBK
999 _c183358
_d183358